| 000 | 00878cam a2200229 4500 | ||
|---|---|---|---|
| 008 | 000000n2000 000 0 eng u | ||
| 020 | _a0632057971 | ||
| 035 | _a(Sirsi) u109847 | ||
| 050 | _a658.2 | ||
| 100 | _aNutt, Bev | ||
| 245 | _aFacility management : risks and opportunities. | ||
| 260 |
_aOxford _bBlackwell Science _c2000 |
||
| 300 | _ax, 278p. ; 26cm. | ||
| 350 | _a59.95 | ||
| 520 | _aThis book aims to build up a distinctive body of FM knowledge and practice. It examines the key issues - from PFI to e-commerce - with expert opinions from major players in FM, providing insights into current and emerging best practice. | ||
| 650 |
_aProperty management _96262 |
||
| 650 | _aASSET MANAGEMENT | ||
| 650 | _aBUILT ENVIRONMENT-BUILDING MAINTENANCE AND REFURBISHMENT | ||
| 690 |
_aFACILITIES MANAGEMENT _96240 |
||
| 700 | _aMcLennan, Peter | ||
| 942 | _n0 | ||
| 999 |
_c101010 _d101010 |
||